Slav and Moslem : (Record no. 27095)
[ view plain ]
| 000 -LEADER | |
|---|---|
| fixed length control field | 00898nam a2200277 a 4500 |
| 001 - CONTROL NUMBER | |
| control field | 27095 |
| 003 - CONTROL NUMBER IDENTIFIER | |
| rucl marc code | BD-RjUL |
| 005 - DATE AND TIME OF LATEST TRANSACTION | |
| control field | 20211209051118.0 |
| 008 - FIXED-LENGTH DATA ELEMENTS--GENERAL INFORMATION | |
| fixed length control field | 181015t18931894scu 000 0 eng |
| 035 ## - SYSTEM CONTROL NUMBER | |
| System control number | (BD-RjUL)27166 |
| 040 ## - CATALOGING SOURCE | |
| Original cataloging agency | DLC |
| Transcribing agency | CarP |
| Modifying agency | DLC |
| -- | BD-RjUL |
| Language of cataloging | eng |
| 041 ## - LANGUAGE CODE | |
| Language code of text/sound track or separate title | eng |
| 043 ## - GEOGRAPHIC AREA CODE | |
| Geographic area code | e-ur--- |
| 082 ## - DEWEY DECIMAL CLASSIFICATION NUMBER | |
| Edition number | 23 |
| Classification number | 947 |
| Author mark and year | BRS 1894 |
| 100 1# - MAIN ENTRY--PERSONAL NAME | |
| Personal name | Broadhead, Jane Milliken Napier |
| 9 (RLIN) | 223874 |
| 245 10 - TITLE STATEMENT | |
| Title | Slav and Moslem : |
| Remainder of title | Historical sketch / |
| Statement of responsibility, etc. | by J. Milliken Napier Broadhead |
| 260 ## - PUBLICATION, DISTRIBUTION, ETC. (IMPRINT) | |
| Place of publication, distribution, etc. | Charleston, S.C. : |
| Name of publisher, distributor, etc. | Walker, Evans & Cogswell co., |
| Date of publication, distribution, etc. | c1893 [printed 1894] |
| 300 ## - PHYSICAL DESCRIPTION | |
| Pagination | viii, 301 p. ; |
| Size | 21 cm. |
| 650 #0 - SUBJECT ADDED ENTRY--TOPICAL TERM | |
| Topical term or geographic name as entry element | Eastern question (Balkan) |
| 9 (RLIN) | 223875 |
| Topical term or geographic name as entry element | Eastern question (Central Asia) |
| 9 (RLIN) | 223876 |
| 651 #0 - SUBJECT ADDED ENTRY--GEOGRAPHIC NAME | |
| Geographic name | Russia |
| General subdivision | History. |
| 9 (RLIN) | 223877 |
| Geographic name | Soviet Union |
| General subdivision | History. |
| 9 (RLIN) | 223878 |
| Geographic name | Turkey |
| General subdivision | History. |
| 9 (RLIN) | 223879 |
| 942 ## - ADDED ENTRY ELEMENTS (KOHA) | |
| Source of classification or shelving scheme | Dewey Decimal Classification |
| Koha item type | Rare Books |
| Lost status | Source of classification or shelving scheme | Damaged status | Not for loan | Collection code | Permanent Location | Current Location | Shelving location | Date acquired | Total Checkouts | Full call number | Date last seen | Copy number | Koha item type |
|---|---|---|---|---|---|---|---|---|---|---|---|---|---|
| Dewey Decimal Classification | Not For Loan | Rare Books | Central Library, University of Rajshahi | Central Library, University of Rajshahi | Rare Book Section | 15/10/2018 | RA 947 BRS 1894 | 15/10/2018 | C-1 | Rare Books |